| 000 | 00404nam a22001457a 4500 | ||
|---|---|---|---|
| 020 | _a9788190723718 | ||
| 020 | _a8190723715 | ||
| 082 |
_a631.3 _bYAD/NU |
||
| 100 | _aYadav, Rajvir | ||
| 245 | _aNumericals and short questions in Farm machinery, Power and energy in agriculture | ||
| 260 |
_aNew Delhi _bNew India Publishing Agency _c2009 |
||
| 300 | _a300 | ||
| 700 | _aSolanki, Hitesh B | ||
| 942 | _cBK | ||
| 999 |
_c13686 _d13686 |
||